Globálne trendy pôsobia na rozvoj bankových inštitúcií aj na Slovensku

Faktory rozvoja bankových inštitúcií na Slovensku. Rast konkurencie. Globalizácia medzinárodného bankového prostredia. Technický pokrok v bankovníctve.

Enregistré dans:
Détails bibliographiques
Auteur principal: Makúch, Jozef, 1953-
Format: Chapitre de livre
Langue:slovaque
Sujets:
Tags: Ajouter un tag
Pas de tags, Soyez le premier à ajouter un tag!

MARC

LEADER 00000naa a2200000 4500
001 r021790
005 20230921075144.5
041 0 |a slo 
044 |a SK 
245 1 0 |a Globálne trendy pôsobia na rozvoj bankových inštitúcií aj na Slovensku  |c Jozef Makúch 
520 |a Faktory rozvoja bankových inštitúcií na Slovensku. Rast konkurencie. Globalizácia medzinárodného bankového prostredia. Technický pokrok v bankovníctve. 
610 2 0 |a bankovníctvo 
610 2 0 |a banky 
610 2 0 |a Slovensko 
610 2 0 |a konkurencia medzinárodná 
610 2 0 |a pokrok technický 
610 2 0 |a globalizácia 
100 1 |a Makúch, Jozef, 1953-